Without Me - Eminem (paroles/ lyrics) - Statistiques

Statistiques générales
  • Ce quiz a été pris 132 fois
  • Le résultat moyen est 211 sur 489
Statistiques - réponses
Part Lyrics % Correct
a
93%
A
93%
I
93%
i
93%
me
89%
me?
89%
me,
89%
wit'
89%
with
85%
so
82%
so,
82%
you
80%
You
80%
the
78%
without
78%
who
76%
cause
72%
'cause
72%
to
71%
no
70%
empty
69%
Shady,
68%
we
67%
back,
65%
back
65%
it
64%
little
64%
Verse 2 Little
64%
feel
62%
monster
62%
ever
61%
see
61%
see,
61%
this
61%
"this
61%
(x7) | Refrain Guess
60%
again?
59%
is
59%
when
59%
who's
59%
just
58%
everybody
57%
follow
57%
I'm
57%
they
57%
They
57%
be
55%
free
55%
go
55%
go,
55%
like
55%
on
54%
want
54%
controversy
53%
created
53%
bit
52%
for
52%
job,
52%
job
52%
need
51%
nobody
51%
friend
50%
Verse 1 I've
50%
tell
50%
what
49%
your
48%
feels
47%
give
47%
let
47%
Marshall
47%
of
47%
more,
46%
Shady's
46%
that
46%
that,
46%
Intro Two
46%
two
46%
wants
45%
looks
44%
my
44%
and
43%
fuck
43%
Fuck
43%
outside
43%
but
42%
in
42%
girls
41%
I'll
41%
if
40%
some
40%
MTV
39%
come
37%
get
37%
now
37%
Chorus (x2) Now
37%
then
36%
ya
36%
at
34%
it's
33%
It's
33%
weed
33%
know
31%
lips
31%
not
31%
down
30%
got
30%
hard
30%
heart
30%
liquor
30%
liver
30%
ready
30%
shut
30%
Well
30%
won't
30%
Debbie
29%
mixed
29%
or
29%
(x3) round
29%
Elvis
28%
list
28%
rebel
28%
shit,
28%
shit"
28%
shit
28%
as
27%
FCC
27%
heavy
27%
listen
27%
operating
27%
about
26%
ass
26%
ass,
26%
by
26%
doctor
26%
feelin'
26%
chopped
25%
cooperating
25%
he's
25%
tits
25%
feeling
24%
stop
24%
tried
24%
"bitch"
23%
can
23%
hospital
23%
kids
23%
kid's
23%
mean
23%
ovulating
23%
rebellious
23%
their
23%
complicating
22%
don't
22%
husband's
22%
than
22%
too
22%
vodka
22%
cum
21%
still
21%
techno
21%
problem's
20%
rockin'
20%
debating
19%
embarrassed,
19%
parents
19%
please"
19%
shock
19%
ten
19%
there
19%
all
18%
quicker
18%
thing
18%
waited
18%
attention
17%
"attention
17%
bum
17%
disgusting
17%
kissin'
17%
long,
17%
obscene
17%
revolution
17%
shit's
17%
shocked
17%
someone
17%
vision
17%
best
16%
dip,
16%
disaster
16%
let's
16%
must
16%
old,
16%
scary
16%
trailer-park
16%
visionary,
16%
hellions,
15%
sent?
15%
sent
15%
since
15%
start
15%
discuss
14%
everyone
14%
lawsuits
14%
only
14%
prisoners,
14%
you're
14%
himself
13%
into
13%
moby?
13%
over,
13%
rag
13%
settled
13%
such
13%
symbol
13%
Chris
12%
comes
12%
damn
12%
fact
12%
jump-start
12%
listens
12%
mentions
12%
new
12%
seems
12%
signal
12%
sometimes,
12%
tension
12%
that'll
12%
thirty-six
12%
'til
12%
yells
12%
along
11%
helpless
11%
kicked
11%
mission
11%
much
11%
Prince
11%
turned
11%
anybody
10%
asked
10%
been
10%
catastrophe
10%
cents
10%
dope,
10%
here's
10%
nesting
10%
Obie
10%
soon
10%
talkin'
10%
up
10%
airwaves
9%
blow
9%
could
9%
ears
9%
fix
9%
full
9%
gonna
9%
nuisance,
9%
pollutin'
9%
revel
9%
tablewhile
9%
them
9%
whole
9%
center
8%
worse
8%
insults
8%
interesting,
8%
Ms. Cheney
8%
skin
8%
Testing
8%
winter
8%
year-old
8%
bask
7%
pencil
7%
stomped
7%
antenna
6%
bastards
6%
bent
6%
enter
6%
tune
6%
tasket,
5%
tisket,
5%
under
5%
wrestling
5%
Bizkit
4%
infesting
4%
Limp
4%
splinter
3%
suspenseful
3%
tit-for-tat
2%
bald-headed
1%
Kirkpatrick
1%
flag,
0%
Aucun quiz correspondant
Distribution des résultats
% des personnes avec chaque résultat
Percentile par nombre de réponses
Votre historique - résultats
Vous n’avez pas pris ce quiz